000 00502nam a22001817a 4500
008 151009b xxu||||| |||| 00| 0 eng d
020 _a0137053606
041 _aeng
080 _a339.138
100 1 _aKotler, Philip.
245 1 0 _aPrinciples of marketing /
_cPhilip Kotler, Gary Armstrong.
250 _a4th ed.
260 _aEnglewood Cliffs, N.J. :
_bPrentice Hall,
_c1989.
300 _axxiv, 661 f. :
_bme il.;
_c27 cm.
650 0 _aMarketing
700 1 _aArmstrong, Gary
942 _2udc
_cBK
999 _c1240
_d1240